Same-sex cultures and sexualities : an anthropological reader /

Bibliographic Details
Other Authors: Robertson, Jennifer, 1953-
Format: Book
Language:English
Published: Malden, MA : Blackwell Pub., 2005.
Series:Blackwell readers in anthropology ; 6.
Subjects:
Online Access:Table of contents

MARC

Tag First Indicator Second Indicator Subfields
LEADER 00000cam a22000004a 4500
001 in00002010531
005 20181103063356.0
008 031211s2005 mau b 001 0 eng
010 |a  2003026674 
020 |a 0631232990 (cloth : alk. paper) 
020 |a 0631233008 (pbk. : alk. paper) 
035 |a (OCoLC)ocm53919916 
040 |a DLC  |c DLC  |d OCLCQ  |d VVC  |d TXA  |d UtOrBLW 
042 |a pcc 
049 |a TXAM 
050 0 0 |a GN484.35  |b .S36 2005 
082 0 0 |a 306.76/6  |2 22 
245 0 0 |a Same-sex cultures and sexualities :  |b an anthropological reader /  |c edited by Jennifer Robertson. 
264 1 |a Malden, MA :  |b Blackwell Pub.,  |c 2005. 
300 |a ix, 310 pages ;  |c 25 cm. 
336 |a text  |b txt  |2 rdacontent 
337 |a unmediated  |b n  |2 rdamedia 
338 |a volume  |b nc  |2 rdacarrier 
490 1 |a Blackwell readers in anthropology ;  |v 6 
504 |a Includes bibliographical references and index. 
505 0 |a Sexualizing anthropology's fields / Jennifer Robertson -- Anthropology rediscovers sexuality: a theoretical comment / Carole S. Vance -- Biological determinism and homosexuality / Bonnie Spanier -- Feminisms, queer theories, and the archaeological study of past sexualities / Barbara L. Voss -- No / Don Kulick -- Resources for lesbian ethnographic research in the Lavender Archives / Alisa Klinger -- Erotic anthropology: 'ritualized homosexuality' in Melanesia and beyond / Deborah A. Elliston -- Gender, genetics, and generation: reformulating biology in lesbian kinship / Corinne P. Hayden -- Transsexualism: reflections on the persistence of gender and the mutability of sex / Judith Shapiro -- Problems encountered in writing the history of sexuality: sources, theory, and interpretation / Estelle B. Freedman and John D'Emilio -- Choosing the sexual orientation of children / Edward Stein -- Yoshiya Nobuko: out and outspoken in practice and prose / Jennifer Robertson -- Outing as performance, outing as resistance: a queer reading of Austrian (homo)sexualities / Matti Bunzel -- Tombois in West Sumatra: constructing masculinity and erotic desire / Evelyn Blackwood -- Freeing South Africa: the 'modernization' of male-male sexuality in Soweto / Donald L. Donham -- Gay organizations, NGOs, and the globalization of sexual identity: the case of Bolivia / Timothy Wright. 
650 0 |a Homosexuality. 
650 0 |a Lesbianism. 
650 0 |a Gay and lesbian studies. 
650 0 |a Gay men. 
650 0 |a Lesbians. 
700 1 |a Robertson, Jennifer,  |d 1953- 
830 0 |a Blackwell readers in anthropology ;  |v 6. 
856 4 1 |3 Table of contents  |u http://www.loc.gov/catdir/toc/ecip0412/2003026674.html  |t 0 
948 |a cataloged  |b h  |c 2004/11/19  |d c  |e ceaton  |f 12:01:36 pm 
994 |a C0  |b TXA 
999 |a MARS 
999 f f |s 4ceaebce-beba-3ed0-940a-6683c5f075a7  |i 4e38a4fa-00cd-37f7-a2e8-6604791f56d4  |t 0 
952 f f |p normal  |a Texas A&M University  |b College Station  |c Sterling C. Evans Library  |d Evans: Library Stacks  |t 0  |e GN484.35 .S36 2005  |h Library of Congress classification  |i unmediated -- volume  |m A14831627905 
998 f f |a GN484.35 .S36 2005  |t 0  |l Evans: Library Stacks